Les 10 pays les plus peuplés - Erreurs éliminatoires - Statistiques

Statistiques générales
  • Ce quiz a été pris 182 fois
  • Le résultat moyen est 7 sur 9
Statistiques - réponses
Pays Nombre d'habitants % Correct
Chine 1 423 509 691
99%
Inde 1 466 630 780
98%
Etats-Unis 351 196 123
95%
Brésil 212 979 693
76%
Indonesie 286 193 549
70%
Russie 143 809 098
66%
Nigeria 238 577 154
61%
Pakistan 256 086 842
56%
Bangladesh 176 147 080
51%
Aucun quiz correspondant
Distribution des résultats
% des personnes avec chaque résultat
Percentile par nombre de réponses
Votre historique - résultats
Vous n’avez pas pris ce quiz